Score 0/144 Timer 08:00
2 Plays Today
% Correct
I,
96%
I
96%
I
96%
I
96%
I
96%
I
96%
I
96%
a
90.8%
a
90.8%
a
90.8%
a
90.8%
home
89.8%
Homer
85.9%
Homer
85.9%
Homer
85.9%
Homer
85.9%
Simpson!
83.2%
Simpson!
83.2%
Simpson.
83.2%
Simp- (is electrocuted)
83.2%
be
78.5%
do
77.9%
do
77.9%
I'm
77.7%
I'm
77.7%
I'm
77.7%
I'm
77.7%
GRIMES: I'm
77.7%
I'm
77.7%
I'm
77.7%
I'm
77.7%
to
73.8%
to
73.8%
to
73.8%
to
73.8%
the
70.1%
the
70.1%
the
70.1%
you!
69.2%
You
69.2%
you
69.2%
me!
69.1%
me
69.1%
me
69.1%
me.
69.1%
HOMER: Heh,
68.2%
don't
66.2%
don't
66.2%
% Correct
because
65.7%
because
65.7%
because
65.7%
my
64.8%
my
64.8%
my
64.8%
my
64.8%
and
64.3%
can
63.5%
it
63.1%
it
63.1%
it
63.1%
in
60.3%
go
59.4%
need
58.7%
need
58.7%
work
57.3%
work,
57.3%
for
54.5%
at
54.1%
is
53.1%
gloves,
51.9%
safety
51.7%
Look
51.4%
will
51.4%
This
48.3%
this?
48.3%
can't
47.8%
eat
47.1%
eat
47.1%
on
46.4%
Grimey?
45.9%
like
44.9%
like
44.9%
Hi,
44.9%
hi,
44.9%
but
43.9%
But
43.9%
any
43.8%
lobster.
43.6%
someone
43.2%
else
42.6%
mansion
40.8%
too!
38.5%
Ooh,
38%
GRIMES: Oh,
37%
GRIMES: Oh,
37%
lazy
36.4%
% Correct
okay,
35.3%
okay.
35.3%
just
34.9%
Give
34.1%
Give
34.1%
than
33.4%
doesn't
33.2%
matter,
32.8%
Burns.
32.6%
Well,
32.6%
slob,
32.5%
What's
32.2%
world.
32.2%
Mr.
32%
worst
31.4%
wish.
31.3%
better
30.9%
hands.
30.3%
Now
30.1%
High
29.2%
raise!
29.1%
plant
29%
without
28.7%
Voltage.'
28.7%
D'oh!
27.9%
D'oh!
27.9%
D'oh!
27.9%
employee,
27.4%
Time
27.4%
HOMER: Hey,
26.9%
washing
26.3%
stand
26.3%
worker
26.3%
longer.
26.2%
promotion!
22.8%
nobody
22.8%
tell
22.6%
whole
22%
insane.
21.6%
Insane,
21.6%
peeing
21.6%
returning
21.3%
seat.
21.1%
'Extremely
19.6%
Aaah!
19.3%
minds!
17.9%
worthless
16.9%
Daahh!
10.5%
Remove Ads.
Support Sporcle.
Get the best of Sporcle when you Go Orange. This ad-free experience offers more features, more stats, and more fun while also helping to support Sporcle. Thank you for becoming a member.

You're not logged in!

Compare scores with friends on all Sporcle quizzes.
OR
Log In

Show Comments

Extras

Top Quizzes Today


Score Distribution

Your Account Isn't Verified!

In order to create a playlist on Sporcle, you need to verify the email address you used during registration. Go to your Sporcle Settings to finish the process.

Report this User

Report this user for behavior that violates our Community Guidelines.

Details: